<?xml version="1.0" encoding="UTF-8"?>
<marc:record xmlns:marc="http://www.loc.gov/MARC21/slim">
   <marc:leader>00000nam a2200000 a 4500</marc:leader>
   <marc:datafield ind1="1" ind2=" " tag="100">
      <marc:subfield code="a">Johnson, Thomas</marc:subfield>
   </marc:datafield>
   <marc:datafield ind1=" " ind2=" " tag="653">
      <marc:subfield code="a">Katastrophe &lt;1986&gt;</marc:subfield>
   </marc:datafield>
   <marc:datafield ind1=" " ind2=" " tag="653">
      <marc:subfield code="a">Dokumentation</marc:subfield>
   </marc:datafield>
   <marc:datafield ind1=" " ind2=" " tag="653">
      <marc:subfield code="a">Tschernobyl</marc:subfield>
   </marc:datafield>
   <marc:datafield ind1=" " ind2=" " tag="653">
      <marc:subfield code="a">DVD</marc:subfield>
   </marc:datafield>
   <marc:datafield ind1="0" ind2="0" tag="245">
      <marc:subfield code="a">Tschernobyl [Bildtonträger]</marc:subfield>
   </marc:datafield>
   <marc:datafield ind1="0" ind2="0" tag="245">
      <marc:subfield code="b">alles über die größte Atomkatastrophe der Welt</marc:subfield>
   </marc:datafield>
   <marc:datafield ind1="0" ind2="0" tag="245">
      <marc:subfield code="c">Regie: Thomas Johnson</marc:subfield>
   </marc:datafield>
   <marc:datafield ind1=" " ind2="1" tag="264">
      <marc:subfield code="b">Polyband &amp; Toppic Video/WVG</marc:subfield>
      <marc:subfield code="c">2007</marc:subfield>
   </marc:datafield>
   <marc:datafield ind1="1" ind2=" " tag="520">
      <marc:subfield code="a">Im Morgengrauen des 26. April 1986 explodierte der vierte Reaktor des Atomkraftwerks Tschernobyl. Eine regenbogenfarbene Stickflamme schoss 1.000 Meter hoch in den ukrainischen Himmel. In den folgenden acht Monaten nahmen 800.000 junge Soldaten, Minenarbeiter, Feuerwehrleute und Zivilisten aus der gesamten Sowjetunion einen fieberhaften Kampf um Tschernobyl und gegen die Zeit auf... Anhand von Augenzeugenberichten, darunter persönliche Erinnerungen des ehemaligen Präsidenten der Sowjetunion Michail Gorbatschow, den eindringlichen Bildern von Igor Kostin, des einigen Fotografen am Ort des Geschehens, Archivaufnahmen, Originaldokumentationen und neuesten Forschungsergebnissen folgt "Tschernobyl" den damaligen Ereignissen und arbeitet die langfristigen Konsequenzen des Unglücks für Menschen und Umwelt auf. Ein packendes, chronologisches Protokoll der Ereignisse, die unser Bewusstsein für die Risiken der Atomenergie für immer verändern sollten...</marc:subfield>
   </marc:datafield>
   <marc:datafield ind1=" " ind2=" " tag="020">
      <marc:subfield code="a">4006448753931</marc:subfield>
      <marc:subfield code="9">4006448753931</marc:subfield>
   </marc:datafield>
   <marc:datafield ind1=" " ind2=" " tag="500">
      <marc:subfield code="a">Sprache: Deutsch (Dolby Digital 2.0)</marc:subfield>
   </marc:datafield>
   <marc:datafield ind1="0" ind2=" " tag="490">
      <marc:subfield code="v">0</marc:subfield>
   </marc:datafield>
   <marc:datafield ind1=" " ind2=" " tag="300">
      <marc:subfield code="a">1 DVD (95 Min.) : farbig</marc:subfield>
   </marc:datafield>
</marc:record>
